• 首页
  • 本馆介绍
  • 公告通知
  • 最新文献
  • 馆藏检索
  • 电子资源
  • 读者导购
  • 参考咨询
  • 我的图书馆
  • 登录
  • 详细信息显示
  • 放入我的书架
  • 预约/预借图书
  • 作者相关作品
  • 分类相关作品
  • 丛书相关作品
  • 出版社相关作品

书目信息

  • 表格格式
  • 工作单格式
  • 卡片格式
题名:
体育(1-6年级)、体育与健康(7-12年级)课程标准教师读本
    
 
作者: 朱万银 主编
分册:  
出版信息: 武汉   华中师范大学出版社  2003.06
页数: 201页
开本: 21cm
丛书名:
单 册:
中图分类: G633.963
科图分类:
主题词: 体育课--课程标准--基础教育--师资培训--教材
电子资源:
ISBN: 7-5622-2574-5
000 00818nam0 2200241 45
001 012004015928
005 20040831110034.0
010    @a7-5622-2574-5@dCNY11.00
100    @a20041115d2003 em y0chiy50 ea
101 0  @achi
102    @aCN@b420000
105    @ay j 000yy
200 1  @a体育(1-6年级)、体育与健康(7-12年级)课程标准教师读本@Ati yu(1-6 nian ji)、ti yu yu jian kang(7-12 nian ji)ke cheng biao zhun jiao shi du ben@f朱万银主编@Fzhu wan yin zhu bian
205    @a修订本
210    @a武汉@c华中师范大学出版社@d2003.06
215    @a201页@d21cm
300    @a基础教育新课程师资培训系列教材
606 0  @a体育课@x课程标准@x基础教育@x师资培训@j教材
690    @aG633.963@v4
701  0 @a朱万银@Azhu wan yin@4主编
801  0 @aCN@bBZT@c20041115
905    @aBZT@dG633.963@e1@f6
906    @dCNY11.00@n0@r1
    
    体育(1-6年级)、体育与健康(7-12年级)课程标准教师读本/朱万银主编.-修订本.-武汉:华中师范大学出版社,2003.06
    201页;21cm
    基础教育新课程师资培训系列教材
    
    ISBN 7-5622-2574-5:CNY11.00
    
●
相关链接 在五车中查询图书 在当当中查询图书 在豆瓣中查询图书


正题名:体育(1-6年级)、体育与健康(7-12年级)课程标准教师读本     索取号:G633.963/1         预约/预借

序号 登录号 条形码 馆藏地/架位号 状态 备注
1 0374215   200913486   中心书库北库/ 北库028架B面1列2层9/ [索取号:G633.963/1] 在馆    
2 0374216   200913501   中心书库北库/ 北库028架B面1列2层6/ [索取号:G633.963/1] 在馆    
3 0374217   200913538   中心书库北库/ 北库028架B面1列2层7/ [索取号:G633.963/1] 在馆    
4 0374218   200913547   中心书库北库/ 北库028架B面1列2层5/ [索取号:G633.963/1] 在馆    
5 0374219   200913556   中心书库北库/ 北库028架B面1列2层8/ [索取号:G633.963/1] 在馆    
山东省滨州职业学院图书馆 欢迎您!
大连网信软件有限公司© 版权所有